Logique - Mort Subite #23 - Statistiques

Statistiques générales
  • Ce quiz a été pris 487 fois
  • Le résultat moyen est 6 sur 26
Answers on the Grid
Answers color-coded by a green-red scale on the quiz's grid according to % correct below.
Dactylo
Psycho
Homo
Borneo
Ethno
Radio
Moto
Prono
Il
😉
Archeo
Studio
Deonto
Pré
Somato
Physio
Numero
Geo
Ideo
Auto
Ana
Tri
Gyneco
Tokyo
Ornitho
Dextro
Bio
Para
Zoo
Bilbao
Cardio
Néo
Stereo
Astro
Méthodo
Techno
 
Statistiques - réponses
Réponse % Correct
Psycho
43%
Homo
35%
Radio
31%
Dactylo
29%
Geo
26%
Bio
25%
Ethno
25%
Gyneco
25%
Physio
25%
Cardio
23%
Zoo
22%
Archeo
21%
Tri
20%
Deonto
19%
😉
17%
Astro
17%
Néo
17%
Ornitho
17%
Techno
17%
Ideo
16%
Pré
16%
Ana
15%
Il
14%
Numero
13%
Para
13%
Méthodo
12%
Aucun quiz correspondant
Distribution des résultats
% des personnes avec chaque résultat
Percentile par nombre de réponses
Votre historique - résultats
Vous n’avez pas pris ce quiz